000 00613nam a22002057a 4500
003 DO-SdBNP
005 20171130101154.0
008 171117b 2012| |||| 00| 0 spa d
020 _a18817321187
040 _aBPMSU
_bspa
_cBPMSU
082 _axxxxx
_bxxxxx
100 1 _aRodríguez Nietzsche, Vicente,
_d1942-
245 1 _aAl compás del amor :
_bselección /
_cVicente Rodríguez Nietzsche
250 _a2a ed. Aumentada
260 _aPuerto Rico :
_bIguana,
_c2012.
300 _a135 p. :
_bil. ;
_c21 cm.
942 _2ddc
_cBK
945 _aInventariado extranjero /2017 BT
956 _aBTAVAREZ
_b10
_c20171117
_d0038
999 _c12947
_d12947